Ultimate Star Wars Surnames - Statistics

General Stats
  • This quiz has been taken 37 times
  • The average score is 60 of 158
Answer Stats
First Name Surname % Correct
Obi Wan Kenobi
100%
Anakin | Leia | Luke | +2 others Skywalker
100%
Mace Windu
100%
Padmé Amidala
96%
Jar Jar Binks
96%
Boba | Jango Fett
96%
Sheev Palpatine
92%
Ben | Han Solo
92%
Qui Gon Jinn
85%
Ki Adi Mundi
85%
Lando Calrissian
81%
Ahsoka Tano
81%
Plo Koon
73%
Raymus | Wedge Antilles
69%
Poe Dameron
69%
Galen | Jyn Erso
69%
Beru | Cliegg | Owen Lars
69%
Bail Organa
69%
Kit Fisto
65%
Asajj Ventress
65%
Bib Fortuna
62%
Nute Gunray
62%
Savage Opress
62%
Ezra Bridger
58%
Kanan Jarrus
58%
Barriss Offee
58%
Luminara Unduli
58%
Aurra Sing
54%
Lama Su
54%
Taun We
54%
Cad Bane
50%
Saw | Steela Gerrera
50%
Cal Kestis
50%
Eeth Koth
50%
Yarael Poof
50%
Sabine Wren
50%
Salacious Crumb
46%
Biggs Darklighter
46%
Maz Kanata
46%
Bo Katan | Satine Kryze
46%
Hondo Ohnaka
46%
Hera Syndulla
46%
Wilhuff Tarkin
46%
Paige | Rose Tico
46%
Saesee Tiin
46%
Cassian Andor
42%
Babu Frik
42%
Dexter Jettster
42%
Pong Krell
42%
Orson Krennic
42%
Unkar Plutt
42%
Dryden Vos
42%
Ponda Baba
38%
Zorii Bliss
38%
Adi Gallia
38%
Chirrut Imwe
38%
Mon Mothma
38%
Enfys Nest
38%
Max Rebo
38%
Bodhi Rook
38%
Wat Tambor
38%
Stass Allie
35%
Mas Amedda
35%
Cere Junda
35%
Baze Malbus
35%
Nien Nunb
35%
Firmus Piett
35%
Gar Saxon
35%
Coleman Trebor
35%
Iden Versio
35%
Tobias Beckett
31%
Lux Bonteri
31%
Amilyn Holdo
31%
Armitage Hux
31%
Agen Kolar
31%
Garazeb Orellios
31%
Even Piell
31%
Oppo Rancisis
31%
Pre Viszla
31%
Zam Wesell
31%
Sio Bibble
27%
Rush Clovis
27%
Jek Porkins
27%
Maximillian Veers
27%
Wicket Warrick
27%
Snap Wexley
27%
Wullf Yularen
27%
Figrin D'an
23%
Tera Sinube
23%
Gial Ackbar
19%
Kaydel Connix
19%
Coleman Kcaj
19%
Shu Mai
19%
Taron Malicos
19%
Rugor Nass
19%
Kendal Ozzel
19%
Quarsh Panaka
19%
Dak Ralter
19%
Lor San Tekka
19%
Garven Dreis
15%
Cornelius Evazan
15%
Crix Madine
15%
Arihnda Pryce
15%
Gregar Typho
15%
Ello Asty
12%
Gideon Hask
12%
Sidon Ithano
12%
Aleksandr Kallus
12%
Tasu Leech
12%
Del Meeko
12%
Conan Motti
12%
Lorth Needa
12%
Enric Pryde
12%
Carlist Rieekan
12%
Zev Senesca
12%
Cassio Tagge
12%
Roos Tarpals
12%
Jabba Tiure
12%
Cikatro Vizago
12%
Jan Dodonna
8%
Rio Durant
8%
San Hill
8%
Wes Janson
8%
Tiaan Jerjerrod
8%
Antoc Merrick
8%
Jessika Pava
8%
Tamara Ryvora
8%
Elan Sleazebaggano
8%
Trilla Suduri
8%
Kazuda Xiono
8%
Jerek Yeager
8%
Chelli Aphra
4%
Kitster Banai
4%
Moden Canady
4%
Larma D'Acy
4%
Greez Dritus
4%
Caluan Ematt
4%
Tallissan Lintra
4%
Jon Vander
4%
Neeku Vozo
4%
Ruescott Melshi
0%
Edrison Peavey
0%
Ushos Statura
0%
Shriv Suurgav
0%
Oma Tres
0%
No matching quizzes found
Score Distribution
Percent of People with Each Score
Percentile by Number Answered
Your Score History
You have not taken this quiz